000 00929cab a2200301 4500
001 WB2820-56
008 090401t1992 xxu||||| |||| 00| 0 eng d
035 _a(Sirsi) u13069
041 _aeng
245 _a25-year leases
260 _c1992
350 _a0
490 _aChartered Surveyor Weekly
_v39(8) 21 May 1992, 7(1)
520 _aThe chief executive of Barclays Bank has called for the Office of Fair Trading and the Monopolies and Mergers Commission to investigate the 25-year institutional lease.
650 _a25-YEAR LEASES
650 _aFLEXIBLE LEASES
650 _aINSTITUTIONAL LEASES
650 _aLEASE LENGTH
650 _aLEASE REFORM
650 _aLEASE STRUCTURE
650 _aLEASE TERMS
650 _aLEASES
690 _aPROPERTY-COMMERCIAL PROPERTY
690 _aLANDLORD AND TENANT-BUSINESS TENANCIES
690 _aPROPERTY LAW AND PRACTICE
942 _n0
948 _c04/03/1997
999 _c8400
_d8400